Development and agroforestry: scaling up the impacts of research (Record no. 63485)

MARC details
000 -LEADER
fixed length control field 01691nam a2200265 a 4500
008 - FIXED-LENGTH DATA ELEMENTS--GENERAL INFORMATION
fixed length control field 081118s2002 ||||||||||||||||| || u
020 ## - INTERNATIONAL STANDARD BOOK NUMBER
International Standard Book Number 0855984643
050 ## - LIBRARY OF CONGRESS CALL NUMBER
Classification number S 494.5.A45 Dev
100 ## - MAIN ENTRY--PERSONAL NAME
Personal name Franzel, Steven
245 10 - TITLE STATEMENT
Title Development and agroforestry: scaling up the impacts of research
Statement of responsibility, etc. edited by Steven Franzel...[and others]
260 ## - PUBLICATION, DISTRIBUTION, ETC.
Place of publication, distribution, etc. London
Name of publisher, distributor, etc. Oxfam
Date of publication, distribution, etc. 2002
300 ## - PHYSICAL DESCRIPTION
Extent xii, 202p.: ill.
350 ## -
-- 0.00
490 ## -
-- Development in practice reader
500 ## - GENERAL NOTE
General note Essays from Development in practice
650 ## - SUBJECT ADDED ENTRY--TOPICAL TERM
Topical term or geographic name entry element AGROFORESTRY PROJECTS--DEVELOPING COUNTRIES
650 ## - SUBJECT ADDED ENTRY--TOPICAL TERM
Topical term or geographic name entry element AGROFROFORESTRY--RESEARCH--DEVELOPING COUNTRIES
650 ## - SUBJECT ADDED ENTRY--TOPICAL TERM
Topical term or geographic name entry element AGROFORESTRY--DEVELOPING COUNTRIES
650 ## - SUBJECT ADDED ENTRY--TOPICAL TERM
Topical term or geographic name entry element FORESTRY
995 ## -
-- KAPASA MAKASA LIBRARY OPEN ACCESS
-- 0.00
-- 739860
-- CBU-KAPASA MAKASA LIBRARY (Chinsali)
-- 1
-- 0.00
-- S 494.5.A45 DEV
-- 4
-- AVAILABLE
-- Apr 14, 2009
-- 739860
-- Kapasa Makasa Library Open Acess Collection
995 ## -
-- KAPASA MAKASA LIBRARY OPEN ACCESS
-- 0.00
-- 739668
-- CBU-KAPASA MAKASA LIBRARY (Chinsali)
-- 1
-- 0.00
-- S 494.5.A45 DEV
-- 3
-- AVAILABLE
-- Feb 2, 2009
-- 739668
-- Kapasa Makasa Library Open Acess Collection
995 ## -
-- KAPASA MAKASA LIBRARY OPEN ACCESS
-- 0.00
-- 739244
-- CBU-KAPASA MAKASA LIBRARY (Chinsali)
-- 1
-- 0.00
-- S 494.5.A45 DEV
-- 1
-- AVAILABLE
-- Feb 2, 2009
-- 739244
-- Kapasa Makasa Library Open Acess Collection
995 ## -
-- ANNEX COLLECTION (Main Library)
-- 0.00
-- 740616
-- CBU-MAIN LIBRARY (Kitwe)
-- 1
-- 0.00
-- S 494.5.A45 DEV
-- 5
-- AVAILABLE
-- Mar 2, 2010
-- 740616
-- Annex Low-Usage Collection
995 ## -
-- ANNEX COLLECTION (Main Library)
-- 0.00
-- 739568
-- CBU-MAIN LIBRARY (Kitwe)
-- 1
-- 0.00
-- S 494.5.A45 DEV
-- 2
-- AVAILABLE
-- Feb 2, 2009
-- 739568
-- Annex Low-Usage Collection
999 ## -
-- 63485
-- 63485
Holdings
Withdrawn status Lost status Source of classification or shelving scheme Damaged status Not for loan Permanent Location Current Location Shelving location Date acquired Total Checkouts Full call number Barcode Date last seen Price effective from Koha item type
          CBU-MAIN LIBRARY, KITWE. CBU-MAIN LIBRARY, KITWE.   12/24/2022   S 494.5.A45 Dev 740616 12/24/2022 12/24/2022 MONOGRAPH
          CBU-MAIN LIBRARY, KITWE. CBU-MAIN LIBRARY, KITWE.   12/24/2022   S 494.5.A45 Dev 739568 12/24/2022 12/24/2022 MONOGRAPH